Kalkulácie a rozpočty praktikum

Guardado en:
Detalles Bibliográficos
Autor principal: Kostková, Albína, 1951-
Autor Corporativo: Ekonomická univerzita v Bratislave. Podnikovohospodárska fakulta so sídlom v Košiciach
Otros Autores: Neufeld, Juraj, 1946-, Lajoš, Branislav
Formato: Libro
Lenguaje:eslovaco
Publicado: Bratislava Vydavateľstvo EKONÓM 2006
Materias:
Etiquetas: Agregar Etiqueta
Sin Etiquetas, Sea el primero en etiquetar este registro!

MARC

LEADER 00000nam$a2200000$$$4500
001 0047166
005 20240502071539.0
020 |a 80-225-2223-6 
041 0 |a slo 
044 |a SK 
245 1 0 |a Kalkulácie a rozpočty  |b praktikum  |c Albína Kostková a kolektív 
264 1 |a Bratislava  |b Vydavateľstvo EKONÓM  |c 2006 
300 |a 110 s. 
610 2 0 |a kalkulácia 
610 2 0 |a rozpočty 
610 2 0 |a náklady 
610 2 0 |a vzorce kalkulačné 
610 2 0 |a metódy kalkulačné 
610 2 0 |a tvorba cien 
610 2 0 |a účtovníctvo 
610 2 0 |a výroba zákazková 
610 2 0 |a rozpočtovníctvo 
610 2 0 |a kontrola 
100 1 |a Kostková, Albína, 1951- 
700 1 |a Neufeld, Juraj, 1946- 
700 1 |a Lajoš, Branislav 
710 2 |a Ekonomická univerzita v Bratislave. Podnikovohospodárska fakulta so sídlom v Košiciach